000 00786cam a2200241u 4500
999 _c3707
_d3707
001 10316856
003 OSt
005 20220202094151.0
008 821001s1962 ilua 000 0 eng
010 _a 63000312
040 _aDLC
_cCarP
_dDLC
043 _an-us---
050 0 0 _aRA410.5
_b.M3 1962
100 1 _aMcNerney, Walter J. [from old catalog]
245 1 0 _aHospital and medical economics,
_ba study of population, services, costs, methods of payment, and controls,
260 _aChicago,
_bHospital Research and Educational Trust,
_cc1962.
300 _a2 v.
_billus.
_c26 cm.
504 _aIncludes index.
650 0 _aMedical economics
_zUnited States.
650 0 _aHospitals
_zUnited States.
906 _a0
_bcbc
_cpremunv
_du
_encip
_f19
_gy-gencatlg
942 _2lcc
_cBK